| 000 | 01442 a2200217 4500 | ||
|---|---|---|---|
| 003 | NUST | ||
| 005 | 20230727090626.0 | ||
| 010 | _a 74022332 | ||
| 020 | _a0139141014 | ||
| 040 | _cNust | ||
| 082 | 0 | 0 | _a621.3822,RAB |
| 100 | 1 |
_aRabiner, Lawrence R., _995469 |
|
| 245 | 1 | 0 |
_aTheory and application of digital signal processing / _cLawrence R. Rabiner, Bernard Gold. |
| 260 |
_aEnglewood Cliffs, N.J. : _bPrentice-Hall, _c[1975] |
||
| 300 |
_axv, 762 p. ; _bill. ; _c24 cm. |
||
| 505 | _aIntroduction (Page-1), Theory of Discrete-Time Linear Systems (Page-9), The Theory and Approximation of Finite Duration Impulse Response Digital Filters (Page-75), Theory and Approximation of in Finite Impulse Response Digital (Page-205), Finite Word Length Effects in Digital Filters (Page-295), Spectrum Analysis and the Fast Fourier Transform (Page-356), An Introduction to the Theory of Two-Dimensional Signal Processing (Page-438), Introduction to digital Hardware (Page-484), Special Purpose Hardware for Digital Filtering and Signal Generation (Page-541), Special Purpose Hardware for the FFT (Page-573), General-Purpose Hardware for Signal Processing Facilities (Page-627), Applications of Digital Signal Processing to Speech (Page-658), Applications to Radar (Page-709). | ||
| 650 | 0 | _aTelecommunication engineering | |
| 650 | 0 |
_aTelecommunication engineering _9113842 |
|
| 700 | 1 |
_aGold, Bernard, _9104718 |
|
| 942 |
_2ddc _cBK _k621.3822,RAB |
||
| 999 |
_c188640 _d188640 |
||